| 000 | 00514cam a2200205ua 4500 | ||
|---|---|---|---|
| 001 | 10385 | ||
| 008 | 181004n ii |||gr||||Z||||||hin | ||
| 020 | _a9788186775424 | ||
| 040 | _cMAIN | ||
| 041 | _ahin | ||
| 082 | _a891.43 | ||
| 100 |
_aDikshit, Sudhir, _eAuthor. |
||
| 245 |
_aHow to win friends and influence people (H) _cBy Dale Carnegie |
||
| 250 | _a17th imp. | ||
| 260 |
_aBhopal: _bMonuj publishing, _c2015. |
||
| 300 | _a364p. | ||
| 653 | _aHindi literature | ||
| 653 | _aLok bywahar | ||
| 942 | _cBK | ||
| 999 |
_c9374 _d9374 |
||